000 00618nam a22002297a 4500
003 UA-OsUOA
001 57537
007 ta
008 20081225b un ||||| |||| 00| 0 ukr d
090 _a821.161.1
_bР89
942 _cBK
040 _aUA-OsUOA
_brus
_cUA-OsUOA
_dUA-OsUOA
245 _aРусская поэзия второй половины ХІХ века
300 _a352 с.
955 _a3
041 _arus
080 _a821.161.1
020 _a5-7107-7667-Х
260 _aМ.
_bДрофа
_c2003
650 7 _a82 Література. Літературознавство
_2UDC
999 _c343602
_d343602